| 000 | 00000nam##2200000za#4500 |
| 001 | 9.634710 |
| 003 | CaOODSP |
| 005 | 20210624215915 |
| 007 | cr ||||||||||| |
| 008 | 150407|2000||||xxc|||||o f|0| 0 fre|d |
| 040 | |aCaOODSP|bfre |
| 043 | |an-cn--- |
| 086 | 1 |aC86-116/2000F-PDF |
| 110 | 1 |aCanada.|bIndustrie Canada. |bCommission canadienne du tourisme. |
| 245 | 10|aTournée des pratiques exemplaires en tourisme d'aventure et écotourisme 2000 : |h[ressource électronique]|bdes chefs de file de l'Ontario et du Québec dévoilent leurs pratiques exemplaires / |cpréparé par l'Economic Planning Group du Canada au nom de la Commission canadienne du tourisme. |
| 260 | |aOttawa - Ontario : |bIndustrie Canada. |c2000. |
| 300 | |a130p.|btableaux |
| 500 | |aLe n° de catalogue (0-662-85365-2) et ISBN (C86-116/2000F) pour l'édition imprimée ont été incorrectement copiés dans cette édition PDF |
| 590 | |a07-06-Supp|b2007-11-30 |
| 691 | 07|aInstallations récréatives|2gcpds |
| 691 | 07|aMeilleure pratique|2gcpds |
| 691 | 07|aTourisme|2gcpds |
| 775 | 08|tAdventure travel and ecotourism best practices tour 2000 : |w(CaOODSP)9.690344 |
| 856 | 40|ahttp://publications.gc.ca|qPDF|s970 Ko|uhttps://publications.gc.ca/collections/collection_2007/ic/C86-116-2000F.pdf |